[Event "Monarch Assurance Isle of Man 4th"]
[Site "Port Erin IOM"]
[Date "1995.10.14"]
[Round "8"]
[White "Coull, Alison"]
[Black "Gibeon, David"]
[Result "0-1"]
[WhiteElo "2115"]
[BlackElo "2075"]
[PlyCount "82"]
[EventDate "1995.10.07"]
[EventType "swiss"]
[EventRounds "9"]
[EventCountry "IOM"]
[SourceTitle "BritBase"]

1. e4 c5 2. c3 b6 3. d4 Bb7 4. Bd3 Nf6 5. Nd2 cxd4 6. cxd4 Nc6 7. Qa4 a6 8.
Ngf3 b5 9. Qd1 e6 10. e5 Nd5 11. O-O Qb6 12. Nb3 f5 13. exf6 gxf6 14. Be4 Na5
15. Re1 Bb4 16. Bd2 Bxd2 17. Nfxd2 O-O-O 18. Nc5 Bc6 19. a4 Rhg8 20. axb5 axb5
21. Bxd5 Bxd5 22. f3 d6 23. Ncb3 Nxb3 24. Nxb3 Rg7 25. Rc1+ Kb8 26. Rc3 Rdg8
27. Re2 b4 28. Rce3 f5 29. Rf2 Qb5 30. Nd2 h5 31. b3 h4 32. Nc4 Bxc4 33. bxc4
Qxc4 34. Rfe2 Rg6 35. Rc2 Qd5 36. Qe1 Qxd4 37. Kh1 Rc8 38. Rxc8+ Kxc8 39. Qc1+
Qc5 40. Qe1 Kd7 41. Rb3 Qc2 0-1

[Event "Monarch Assurance Isle of Man 4th"]
[Site "Port Erin IOM"]
[Date "1995.10.14"]
[Round "8"]
[White "Ellison, Derek George"]
[Black "Conlon, Joseph P"]
[Result "1/2-1/2"]
[WhiteElo "2140"]
[BlackElo "2040"]
[PlyCount "45"]
[EventDate "1995.10.07"]
[EventType "swiss"]
[EventRounds "9"]
[EventCountry "IOM"]
[SourceTitle "BritBase"]

1. e4 d5 2. exd5 Nf6 3. d4 Bg4 4. Nf3 Qxd5 5. Be2 Nc6 6. c4 Qf5 7. Be3 O-O-O 8.
O-O e5 9. d5 Bxf3 10. Bxf3 e4 11. Be2 Ne5 12. Nd2 Neg4 13. Bd4 c5 14. Bxf6 Nxf6
15. Re1 Bd6 16. Nf1 h5 17. Qc2 h4 18. h3 Rde8 19. b4 Qd7 20. Rab1 Rh6 21. Rb3
Rg6 22. Kh1 Re5 23. Nd2 1/2-1/2

[Event "Monarch Assurance Isle of Man 4th"]
[Site "Port Erin IOM"]
[Date "1995.10.14"]
[Round "8"]
[White "Grant, Jonathan"]
[Black "Hebden, Mark"]
[Result "0-1"]
[WhiteElo "2275"]
[BlackElo "2570"]
[PlyCount "68"]
[EventDate "1995.10.07"]
[EventType "swiss"]
[EventRounds "9"]
[EventCountry "IOM"]
[SourceTitle "BritBase"]

1. c4 g6 2. Nc3 Bg7 3. g3 Nf6 4. Bg2 O-O 5. e4 c5 6. Nge2 Nc6 7. d3 Rb8 8. O-O
a6 9. a4 d6 10. h3 Ne8 11. Be3 e5 12. Qd2 Nd4 13. Bxd4 cxd4 14. Nd5 f5 15. exf5
gxf5 16. f4 Nf6 17. Kh2 Be6 18. Nxf6+ Qxf6 19. Rfe1 Kh8 20. Rac1 b6 21. b4 Rfe8
22. c5 bxc5 23. bxc5 e4 24. cxd6 Bd7 25. Rc4 exd3 26. Nxd4 Rxe1 27. Qxe1 Qxd6
28. Nf3 Rb2 29. Qa5 Be6 30. Rc1 Rc2 31. Rb1 d2 32. Nxd2 Qxd2 33. Qxd2 Rxd2 34.
Kh1 Bd4 0-1

[Event "Monarch Assurance Isle of Man 4th"]
[Site "Port Erin IOM"]
[Date "1995.10.14"]
[Round "8"]
[White "Hodgson, Julian"]
[Black "Lalic, Bogdan"]
[Result "1-0"]
[WhiteElo "2590"]
[BlackElo "2590"]
[PlyCount "121"]
[EventDate "1995.10.07"]
[EventType "swiss"]
[EventRounds "9"]
[EventCountry "IOM"]
[SourceTitle "BritBase"]

1. d4 e6 2. e4 d5 3. e5 c5 4. c3 Nc6 5. Nf3 Nge7 6. Na3 cxd4 7. cxd4 Nf5 8. Nc2
Qa5+ 9. Bd2 Qb6 10. Bc3 Be7 11. Bd3 a5 12. a3 Bd7 13. O-O O-O 14. g4 Nh4 15.
Nxh4 Bxh4 16. f4 f6 17. g5 fxg5 18. Qh5 h6 19. fxg5 Bxg5 20. Qg6 Rf5 21. Bxf5
exf5 22. h4 Bxh4 23. Ne3 Qd8 24. Nxd5 Be8 25. Qg2 Kh7 26. Nf4 Qe7 27. Qh3 g6
28. d5 Na7 29. Kh2 Bg5 30. Ne6 Nb5 31. Rg1 Kg8 32. Rad1 Rc8 33. Bxa5 Rc4 34.
Bd8 Qd7 35. Bxg5 hxg5 36. Rxg5 Nc7 37. Qxf5 Qh7+ 38. Kg1 Nxe6 39. Qxe6+ Bf7 40.
Qf6 Qh3 41. Rg2 Rg4 42. Rdd2 Rxg2+ 43. Rxg2 Qe3+ 44. Rf2 Qg3+ 45. Kf1 Qd3+ 46.
Kg1 Qg3+ 47. Kf1 Qd3+ 48. Kg2 Bxd5+ 49. Kh2 Qe4 50. Qf4 Qh1+ 51. Kg3 Qg1+ 52.
Kh4 Kh7 53. Qd2 Kg7 54. e6 Qh1+ 55. Kg3 Qg1+ 56. Kf4 Bxe6 57. Qd4+ Kg8 58. Ke5
Bf5 59. Kf6 Qg3 60. Qd8+ Kh7 61. Qe7+ 1-0

[Event "Monarch Assurance Isle of Man 4th"]
[Site "Port Erin IOM"]
[Date "1995.10.14"]
[Round "8"]
[White "Howell, James C"]
[Black "Ryan, Joseph"]
[Result "1-0"]
[WhiteElo "2525"]
[BlackElo "2210"]
[PlyCount "73"]
[EventDate "1995.10.07"]
[EventType "swiss"]
[EventRounds "9"]
[EventCountry "IOM"]
[SourceTitle "BritBase"]

1. e4 d5 2. exd5 Qxd5 3. Nc3 Qa5 4. d4 c6 5. Bc4 Bf5 6. Bd2 e6 7. d5 cxd5 8.
Nxd5 Qd8 9. Qe2 Nf6 10. Ne3 Bg6 11. O-O-O Nbd7 12. Nf3 a6 13. Bc3 Qc7 14. Bd3
Bxd3 15. Qxd3 Be7 16. Rhe1 Nc5 17. Qe2 O-O 18. Be5 Qa5 19. Kb1 Na4 20. Nc4 Qb5
21. Nd6 Qxe2 22. Rxe2 Ng4 23. Bg3 Bf6 24. c3 b5 25. h3 Nh6 26. Ne5 Rfd8 27.
Red2 Bxe5 28. Bxe5 f6 29. Bf4 g5 30. Be3 Rab8 31. Nf5 Rxd2 32. Nxh6+ Kg7 33.
Rxd2 Kxh6 34. Rd6 Re8 35. Rc6 Kg6 36. b3 Rd8 37. Kc2 1-0

[Event "Monarch Assurance Isle of Man 4th"]
[Site "Port Erin IOM"]
[Date "1995.10.14"]
[Round "8"]
[White "Khenkin, Igor"]
[Black "Sadler, Matthew"]
[Result "1/2-1/2"]
[WhiteElo "2555"]
[BlackElo "2565"]
[PlyCount "106"]
[EventDate "1995.10.07"]
[EventType "swiss"]
[EventRounds "9"]
[EventCountry "IOM"]
[SourceTitle "BritBase"]

1. d4 d5 2. c4 dxc4 3. Nf3 a6 4. e3 Nf6 5. Bxc4 e6 6. O-O c5 7. Bb3 Nbd7 8. Qe2
b5 9. e4 Bb7 10. d5 c4 11. Bc2 e5 12. a4 Bd6 13. Nc3 b4 14. Nd1 a5 15. Ne3 Nb6
16. Nd2 c3 17. bxc3 bxc3 18. Ndc4 Nxc4 19. Nxc4 Bb4 20. Nxe5 O-O 21. Bg5 Re8
22. Ng4 Be7 23. Rfd1 Ba6 24. Qf3 Nxg4 25. Bxe7 Rxe7 26. Qxg4 Rb7 27. Qg3 g6 28.
Ra3 Rc8 29. Rxc3 Rb2 30. Rc1 Qb6 31. Rxc8+ Bxc8 32. Qc3 Bd7 33. Rf1 Qb4 34. Qc7
h5 35. Qxd7 Rxc2 36. Qe8+ Kg7 37. h4 Qd4 38. Qb5 Ra2 39. Qxa5 Rxa4 40. Qb5 Qxe4
41. Rd1 Qc2 42. Qd3 Qxd3 43. Rxd3 Kf6 44. d6 Ra8 45. Kh2 Rd8 46. Kg3 Ke6 47.
Kf4 f6 48. Rg3 Kf7 49. Rd3 Ke6 50. Re3+ Kf7 51. Re7+ Kf8 52. Re6 Kf7 53. Re7+
Kf8 1/2-1/2

[Event "Monarch Assurance Isle of Man 4th"]
[Site "Port Erin IOM"]
[Date "1995.10.14"]
[Round "8"]
[White "Kristensen, Bjarke"]
[Black "Rosten, Oliver"]
[Result "1-0"]
[WhiteElo "2440"]
[BlackElo "2190"]
[PlyCount "67"]
[EventDate "1995.10.07"]
[EventType "swiss"]
[EventRounds "9"]
[EventCountry "IOM"]
[SourceTitle "BritBase"]

1. c4 Nf6 2. Nc3 c5 3. g3 e6 4. Bg2 Nc6 5. Nh3 Be7 6. Nf4 a6 7. O-O Qc7 8. a3
Rb8 9. a4 b6 10. d3 Bb7 11. e4 O-O 12. b3 Nb4 13. Ba3 Rfd8 14. Re1 Bf8 15. Rc1
Bc6 16. e5 Ne8 17. Bxb4 cxb4 18. Ncd5 Bxd5 19. cxd5 Qa7 20. d6 b5 21. axb5 Rxb5
22. Rc4 f6 23. d4 g6 24. Nd3 a5 25. Qa1 fxe5 26. dxe5 Bg7 27. Qd1 Qa6 28. Qc2
Kf7 29. h4 Qa7 30. h5 Qa6 31. hxg6+ hxg6 32. Be4 Qa7 33. Kg2 Qb6 34. f4 1-0

[Event "Monarch Assurance Isle of Man 4th"]
[Site "Port Erin IOM"]
[Date "1995.10.14"]
[Round "8"]
[White "Lalic, Susan"]
[Black "Bisby, Daniel L"]
[Result "1-0"]
[WhiteElo "2315"]
[BlackElo "2120"]
[PlyCount "93"]
[EventDate "1995.10.07"]
[EventType "swiss"]
[EventRounds "9"]
[EventCountry "IOM"]
[SourceTitle "BritBase"]

1. e4 d6 2. d4 Nf6 3. Nc3 g6 4. Nf3 Bg7 5. Bf4 c6 6. Qd2 b5 7. e5 b4 8. exf6
bxc3 9. bxc3 Bxf6 10. Bh6 Qa5 11. Be2 Ba6 12. O-O Bxe2 13. Qxe2 Nd7 14. Rfe1 e6
15. Rab1 Ke7 16. Nd2 d5 17. c4 Rab8 18. Nb3 Qa6 19. Bf4 Rb6 20. Bd6+ Kxd6 21.
c5+ Ke7 22. cxb6 Qxe2 23. Rxe2 axb6 24. c3 Ra8 25. f4 Ra3 26. Rc2 Kd6 27. Kf2
b5 28. Nd2 Nb6 29. Nf3 Bg7 30. g4 Ra5 31. Re1 c5 32. Ne5 f6 33. dxc5+ Kxc5 34.
Nd3+ Kd6 35. Rce2 e5 36. fxe5+ fxe5 37. Nxe5 Bxe5 38. Rxe5 Rxa2+ 39. Kg1 Rc2
40. Re7 Rxc3 41. R1e6+ Kc5 42. Rc7+ Kd4 43. Rxc3 Kxc3 44. Rxb6 b4 45. Kf2 b3
46. Ke2 b2 47. Kd1 1-0

[Event "Monarch Assurance Isle of Man 4th"]
[Site "Port Erin IOM"]
[Date "1995.10.14"]
[Round "8"]
[White "Martinovsky, Eugene"]
[Black "Costello, Colin"]
[Result "1/2-1/2"]
[WhiteElo "2305"]
[BlackElo "2115"]
[PlyCount "48"]
[EventDate "1995.10.07"]
[EventType "swiss"]
[EventRounds "9"]
[EventCountry "IOM"]
[SourceTitle "BritBase"]

1. d4 d5 2. Nf3 Nf6 3. g3 e6 4. c4 dxc4 5. Nc3 c5 6. Qa4+ Nc6 7. dxc5 Bxc5 8.
Qxc4 Qb6 9. e3 Bd7 10. Bg2 Rc8 11. O-O Be7 12. Qe2 O-O 13. b3 Nb4 14. Bb2 Bc6
15. Nd4 Bxg2 16. Kxg2 Nbd5 17. Nxd5 Nxd5 18. Rac1 Qa5 19. a3 Rfd8 20. Rfd1 Kf8
21. b4 Qb6 22. Nb3 Bf6 23. Nc5 Rxc5 24. Bxf6 Rxc1 1/2-1/2

[Event "Monarch Assurance Isle of Man 4th"]
[Site "Port Erin IOM"]
[Date "1995.10.14"]
[Round "8"]
[White "O'Donovan, Richard"]
[Black "Hansen, Soren Bech"]
[Result "1/2-1/2"]
[WhiteElo "2230"]
[BlackElo "2295"]
[PlyCount "60"]
[EventDate "1995.10.07"]
[EventType "swiss"]
[EventRounds "9"]
[EventCountry "IOM"]
[SourceTitle "BritBase"]

1. e4 c5 2. Nf3 Nc6 3. Bb5 g6 4. O-O Bg7 5. Re1 e5 6. d3 Nge7 7. Nc3 O-O 8. a4
h6 9. Nd5 d6 10. Nxe7+ Qxe7 11. c3 Be6 12. Bc4 Rad8 13. Bd5 Qd7 14. d4 cxd4 15.
Bxc6 bxc6 16. cxd4 f6 17. dxe5 fxe5 18. Be3 Bg4 19. Qb3+ Rf7 20. Nd2 d5 21. Bc5
Kh7 22. a5 h5 23. a6 Bh6 24. Nf1 dxe4 25. Rxe4 Qd5 26. Rb4 Be6 27. Qc2 Bf5 28.
Qb3 Be6 29. Qc2 Bf5 30. Qb3 Be6 1/2-1/2

[Event "Monarch Assurance Isle of Man 4th"]
[Site "Port Erin IOM"]
[Date "1995.10.14"]
[Round "8"]
[White "Spanton, Timothy"]
[Black "O'Shaughnessy, Conor"]
[Result "0-1"]
[WhiteElo "2060"]
[BlackElo "2230"]
[PlyCount "89"]
[EventDate "1995.10.07"]
[EventType "swiss"]
[EventRounds "9"]
[EventCountry "IOM"]
[SourceTitle "BritBase"]

1. e4 c5 2. Nf3 d6 3. d4 cxd4 4. Nxd4 Nf6 5. Nc3 a6 6. a4 e6 7. g3 Be7 8. Bg2
Qc7 9. O-O Nc6 10. Be3 O-O 11. h3 Na5 12. Nde2 Rb8 13. b3 b5 14. axb5 axb5 15.
Qd2 b4 16. Na4 Bd7 17. Nb6 Rxb6 18. Rxa5 Rb7 19. Ra2 Bc6 20. f3 d5 21. e5 Qxe5
22. Bf4 Qh5 23. g4 Bc5+ 24. Kh2 Qg6 25. h4 Bb5 26. h5 Nxh5 27. gxh5 Qxh5+ 28.
Bh3 f6 29. Ng3 Qf7 30. Re1 e5 31. Be3 d4 32. Bf2 Qd5 33. Ne4 Be7 34. Rg1 Kh8
35. Raa1 Bd7 36. Rg3 f5 37. Ng5 h6 38. f4 exf4 39. Rd3 Bxg5 40. Bxd4 Qf7 41.
Qf2 Bc6 42. Be5 Be4 43. Rd4 f3 44. Rad1 Re8 45. Rd8 0-1

[Event "Monarch Assurance Isle of Man 4th"]
[Site "Port Erin IOM"]
[Date "1995.10.14"]
[Round "8"]
[White "Van Mil, Johannes A J"]
[Black "Sher, Miron N"]
[Result "1-0"]
[WhiteElo "2435"]
[BlackElo "2510"]
[PlyCount "55"]
[EventDate "1995.10.07"]
[EventType "swiss"]
[EventRounds "9"]
[EventCountry "IOM"]
[SourceTitle "BritBase"]

1. e4 c5 2. c3 Nf6 3. e5 Nd5 4. Nf3 Nc6 5. Bc4 Nb6 6. Bb3 d5 7. exd6 Qxd6 8.
Na3 Qd8 9. O-O e6 10. Qe2 Be7 11. Rd1 Bd7 12. d4 cxd4 13. Nxd4 Nxd4 14. Rxd4
O-O 15. Nb5 Bc5 16. Rg4 Qf6 17. Bg5 Qf5 18. Nd4 Bxd4 19. cxd4 Bb5 20. Qd1 f6
21. Rf4 Qxg5 22. Bxe6+ Kh8 23. Rf5 Ba4 24. b3 Qh4 25. Rh5 Qf4 26. g3 Qe4 27.
Bf5 Qe8 28. Bxh7 1-0

[Event "Monarch Assurance Isle of Man 4th"]
[Site "Port Erin IOM"]
[Date "1995.10.14"]
[Round "8"]
[White "Welling, Gerard"]
[Black "Stohl, Igor"]
[Result "0-1"]
[WhiteElo "2415"]
[BlackElo "2525"]
[PlyCount "78"]
[EventDate "1995.10.07"]
[EventType "swiss"]
[EventRounds "9"]
[EventCountry "IOM"]
[SourceTitle "BritBase"]

1. Nf3 g6 2. c4 Bg7 3. Nc3 c5 4. g3 Nc6 5. Bg2 Nh6 6. h4 d6 7. h5 Bg4 8. hxg6
hxg6 9. d3 Qd7 10. Bd2 O-O-O 11. Qa4 Kb8 12. O-O-O Nd4 13. Qxd7 Rxd7 14. Ng1
Rdd8 15. f3 Bd7 16. e3 Nc6 17. Nge2 Nb4 18. Be1 Nf5 19. Kd2 Rxh1 20. Bxh1 Rh8
21. Bf2 Rh2 22. Rf1 Nd4 23. exd4 Bh3 24. Re1 Rxf2 25. dxc5 dxc5 26. Ne4 Rh2 27.
Nxc5 Bd4 28. Ne4 Be3+ 29. Kc3 Nxa2+ 30. Kc2 Nb4+ 31. Kc3 Na2+ 32. Kc2 Bf1 33.
Rxf1 Rxe2+ 34. Kb1 Nb4 35. Rd1 Bd4 36. Nc3 Bxc3 37. bxc3 Na2 38. Rf1 Nxc3+ 39.
Kc1 Rh2 0-1

[Event "Monarch Assurance Isle of Man 4th"]
[Site "Port Erin IOM"]
[Date "1995.10.14"]
[Round "8"]
[White "Wells, Peter K"]
[Black "Engqvist, Thomas"]
[Result "1-0"]
[WhiteElo "2545"]
[BlackElo "2405"]
[PlyCount "79"]
[EventDate "1995.10.07"]
[EventType "swiss"]
[EventRounds "9"]
[EventCountry "IOM"]
[SourceTitle "BritBase"]

1. e4 c6 2. d4 d5 3. e5 Bf5 4. Nf3 e6 5. Be2 c5 6. Be3 Nd7 7. O-O a6 8. c4 dxc4
9. Bxc4 Ne7 10. Nc3 Nc6 11. d5 Ncxe5 12. Nxe5 Nxe5 13. Qa4+ b5 14. Nxb5 axb5
15. Bxb5+ Ke7 16. d6+ Kxd6 17. Rfd1+ Kc7 18. Qf4 Qf6 19. Rac1 Bg4 20. Qe4 Bf3
21. gxf3 Qg6+ 22. Qxg6 Nxf3+ 23. Kg2 Nh4+ 24. Kf1 hxg6 25. a4 Nf5 26. Bxc5 Bxc5
27. Rxc5+ Kb6 28. Rc6+ Ka5 29. Rdc1 Kb4 30. R1c3 Rh4 31. Be2 Rb8 32. Bd1 Nd4
33. R3c4+ Ka5 34. b4+ Rxb4 35. R6c5+ Nb5 36. Rxh4 Rxh4 37. Rxb5+ Ka6 38. Kg2
Rd4 39. Rb1 Ka5 40. h3 1-0

[Event "Monarch Assurance Isle of Man 4th"]
[Site "Port Erin IOM"]
[Date "1995.10.15"]
[Round "9"]
[White "Anderton, David W"]
[Black "Wilman, Carey"]
[Result "1-0"]
[WhiteElo "2215"]
[BlackElo "2080"]
[PlyCount "47"]
[EventDate "1995.10.07"]
[EventType "swiss"]
[EventRounds "9"]
[EventCountry "IOM"]
[SourceTitle "BritBase"]

1. d4 Nf6 2. c4 c5 3. d5 b5 4. Nf3 bxc4 5. Nc3 d6 6. e4 g6 7. Bxc4 Bg7 8. e5
dxe5 9. Nxe5 O-O 10. O-O Ba6 11. Re1 Bxc4 12. Nxc4 Nbd7 13. Bg5 h6 14. Bh4 Rb8
15. Qe2 Re8 16. Rad1 a5 17. Qf3 Rb4 18. b3 Qa8 19. Bg3 Nb6 20. Ne5 Rd4 21. Nc6
Nfxd5 22. Nxd5 Nxd5 23. Rxd4 e6 24. Rxd5 1-0

[Event "Monarch Assurance Isle of Man 4th"]
[Site "Port Erin IOM"]
[Date "1995.10.15"]
[Round "9"]
[White "Baburin, Alexander"]
[Black "Van Mil, Johannes A J"]
[Result "1-0"]
[WhiteElo "2495"]
[BlackElo "2435"]
[PlyCount "77"]
[EventDate "1995.10.07"]
[EventType "swiss"]
[EventRounds "9"]
[EventCountry "IOM"]
[SourceTitle "BritBase"]

1. d4 g6 2. e4 Bg7 3. Nc3 c6 4. Nf3 d5 5. h3 Nh6 6. Bd3 O-O 7. O-O f6 8. Re1
Nf7 9. Bf1 b6 10. b3 Bb7 11. a4 a6 12. Ba3 Re8 13. Qd2 Nd7 14. Rad1 e6 15. g3
Bh6 16. Qe2 a5 17. exd5 Ba6 18. Qxa6 Rxa6 19. dxe6 Ra7 20. Bc4 Rxe6 21. Rxe6
Bf8 22. Rde1 Bxa3 23. Re8+ Kg7 24. Rxd8 Nxd8 25. Re8 Nb7 26. Rc8 Nd6 27. Rxc6
Bb4 28. Rxd6 Bxd6 29. Nb5 Bb8 30. Nxa7 Bxa7 31. Bb5 Nf8 32. Nd2 Bb8 33. Nc4 Bc7
34. d5 Kf7 35. f4 g5 36. d6 Bd8 37. f5 g4 38. h4 h5 39. Kf2 1-0

[Event "Monarch Assurance Isle of Man 4th"]
[Site "Port Erin IOM"]
[Date "1995.10.15"]
[Round "9"]
[White "Churm, Rohan"]
[Black "Moskovic, David"]
[Result "1-0"]
[WhiteElo "2115"]
[BlackElo "2165"]
[PlyCount "97"]
[EventDate "1995.10.07"]
[EventType "swiss"]
[EventRounds "9"]
[EventCountry "IOM"]
[SourceTitle "BritBase"]

1. e4 d5 2. exd5 Nf6 3. d4 Nxd5 4. Nf3 Bg4 5. Be2 e6 6. h3 Bxf3 7. Bxf3 c6 8.
O-O Be7 9. c4 Nb6 10. b3 O-O 11. Bb2 Re8 12. Nc3 N8d7 13. Qc2 Qc7 14. Rad1 Nf8
15. g3 Nbd7 16. Rfe1 e5 17. d5 Rad8 18. Re2 Kh8 19. Red2 Bg5 20. Re2 Be7 21. h4
a5 22. Qe4 f6 23. Bg2 Nb8 24. Red2 Bc5 25. Na4 Bb4 26. Rd3 b5 27. cxb5 cxb5 28.
Rc1 Qd6 29. Nc3 Qd7 30. a3 Bxc3 31. Rdxc3 Rc8 32. Qc2 Rxc3 33. Qxc3 a4 34. bxa4
bxa4 35. Qc7 Qb5 36. Bc3 Nbd7 37. Bb4 e4 38. Qc6 Qe2 39. Bxf8 Rxf8 40. Qxd7 e3
41. Rc8 exf2+ 42. Kh2 f1=N+ 43. Kh3 Kg8 44. d6 h5 45. Rxf8+ Kxf8 46. Qe7+ Qxe7
47. dxe7+ Kxe7 48. Bxf1 Kd6 49. Bb5 1-0

[Event "Monarch Assurance Isle of Man 4th"]
[Site "Port Erin IOM"]
[Date "1995.10.15"]
[Round "9"]
[White "Conlon, Joseph P"]
[Black "Bellin, Jana"]
[Result "0-1"]
[WhiteElo "2040"]
[BlackElo "2210"]
[PlyCount "94"]
[EventDate "1995.10.07"]
[EventType "swiss"]
[EventRounds "9"]
[EventCountry "IOM"]
[SourceTitle "BritBase"]

1. e4 c5 2. Nf3 e6 3. d4 cxd4 4. Nxd4 a6 5. Bd3 Nf6 6. O-O d6 7. Qe2 Nbd7 8. f4
g6 9. Nc3 Bg7 10. Be3 O-O 11. Rad1 Qc7 12. Nb3 b5 13. a3 Bb7 14. g4 Nc5 15. e5
Nfd7 16. Nxc5 Nxc5 17. exd6 Qc6 18. Bxc5 Qxc5+ 19. Rf2 Rad8 20. Be4 Bxc3 21.
bxc3 Bxe4 22. Qxe4 Rxd6 23. Rxd6 Qxd6 24. f5 exf5 25. gxf5 Qxa3 26. Qe3 Rd8 27.
f6 h5 28. Kg2 Qd6 29. Qh6 Qf8 30. Qf4 Kh7 31. Qc7 Qe8 32. Qe7 Qc6+ 33. Kg3 Qd5
34. h4 Kg8 35. Qe3 Rd6 36. Qe8+ Kh7 37. Rd2 Qe6 38. Qxe6 Rxe6 39. Rf2 g5 40.
hxg5 Kg6 41. Kf4 Rc6 42. Ke5 Rxc3 43. Kd6 h4 44. Re2 Kxg5 45. Ke7 Kg6 46. Re4
Rc4 47. Re1 Rg4 0-1

[Event "Monarch Assurance Isle of Man 4th"]
[Site "Port Erin IOM"]
[Date "1995.10.15"]
[Round "9"]
[White "Costello, Colin"]
[Black "Ellison, Derek George"]
[Result "1-0"]
[WhiteElo "2115"]
[BlackElo "2140"]
[PlyCount "127"]
[EventDate "1995.10.07"]
[EventType "swiss"]
[EventRounds "9"]
[EventCountry "IOM"]
[SourceTitle "BritBase"]

1. c4 d6 2. Nc3 e5 3. g3 g6 4. Bg2 Bg7 5. Nf3 Nc6 6. O-O h5 7. d4 Bg4 8. dxe5
dxe5 9. Qa4 Nge7 10. Bg5 O-O 11. Rfd1 Qc8 12. Nd5 Nxd5 13. cxd5 Bxf3 14. dxc6
Bxg2 15. Kxg2 bxc6 16. Qxc6 Qg4 17. Be7 Rfe8 18. f3 Qe6 19. Qxe6 fxe6 20. Rd7
e4 21. Rc1 exf3+ 22. exf3 Bxb2 23. Rcxc7 a5 24. Kh3 a4 25. Rc6 a3 26. Rxe6 Kf7
27. Re4 Kg8 28. g4 hxg4+ 29. Kxg4 Ra5 30. Bd6 Rxe4+ 31. fxe4 Bf6 32. h4 Rh5 33.
Bg3 Ra5 34. Rb7 Ra4 35. Kf3 Ra5 36. Rd7 Rb5 37. Ra7 Bb2 38. e5 Rb6 39. Ke4 Rb4+
40. Kd5 Rg4 41. Be1 Rg1 42. Bb4 Rd1+ 43. Ke6 Ra1 44. Be7 Rc1 45. Ra8+ Kh7 46.
Bf6 Rc6+ 47. Kd5 Rxf6 48. exf6 Bxf6 49. Rxa3 Bxh4 50. Rh3 g5 51. a4 Kg6 52. a5
Bf2 53. a6 g4 54. Ra3 Ba7 55. Rc3 Kf5 56. Rc7 Bg1 57. Rf7+ Kg5 58. a7 Bxa7 59.
Rxa7 Kf4 60. Kd4 Kf3 61. Ra3+ Kf2 62. Ke4 g3 63. Rf3+ Kg2 64. Kf4 1-0

[Event "Monarch Assurance Isle of Man 4th"]
[Site "Port Erin IOM"]
[Date "1995.10.15"]
[Round "9"]
[White "De Coverly, Roger"]
[Black "Martinovsky, Eugene"]
[Result "0-1"]
[WhiteElo "2105"]
[BlackElo "2305"]
[PlyCount "88"]
[EventDate "1995.10.07"]
[EventType "swiss"]
[EventRounds "9"]
[EventCountry "IOM"]
[SourceTitle "BritBase"]

1. d4 d5 2. Bg5 h6 3. Bh4 Bf5 4. e3 Nd7 5. Bd3 Bxd3 6. Qxd3 Ngf6 7. Nd2 c6 8.
Ngf3 e6 9. c3 Qb6 10. O-O Be7 11. Kh1 O-O 12. h3 Rae8 13. g4 Nh7 14. Bxe7 Rxe7
15. Rg1 f6 16. Nh4 Rff7 17. Ng6 Re8 18. a4 a5 19. Rab1 e5 20. b4 e4 21. Qe2
Ndf8 22. Nxf8 Nxf8 23. Nb3 axb4 24. a5 Qc7 25. cxb4 Ng6 26. Nd2 Nh4 27. Rbc1
Qd7 28. Rc5 f5 29. g5 f4 30. Qg4 Qxg4 31. Rxg4 hxg5 32. Rc1 fxe3 33. fxe3 Rf2
34. Rd1 Ref8 35. Rxg5 Rxd2 36. Rxd2 Rf1+ 37. Kh2 Nf3+ 38. Kg2 Nxd2 39. b5 cxb5
40. Rxd5 Rb1 41. Rd8+ Kh7 42. d5 Nc4 43. d6 Rd1 44. d7 Nxa5 0-1

[Event "Monarch Assurance Isle of Man 4th"]
[Site "Port Erin IOM"]
[Date "1995.10.15"]
[Round "9"]
[White "Engqvist, Thomas"]
[Black "Arkell, Keith C"]
[Result "0-1"]
[WhiteElo "2405"]
[BlackElo "2505"]
[PlyCount "65"]
[EventDate "1995.10.07"]
[EventType "swiss"]
[EventRounds "9"]
[EventCountry "IOM"]
[SourceTitle "BritBase"]

1. Nf3 Nf6 2. c4 c5 3. Nc3 Nc6 4. d4 cxd4 5. Nxd4 e6 6. Ndb5 Bb4 7. Bf4 O-O 8.
Bc7 Qe7 9. Bd6 Bxd6 10. Qxd6 Qd8 11. Qd2 d5 12. cxd5 exd5 13. e3 Bg4 14. h3 Bh5
15. Nd4 Qb6 16. Nxc6 bxc6 17. Na4 Qc7 18. Bd3 d4 19. O-O dxe3 20. Qxe3 Rfe8 21.
Qc5 Rad8 22. Rfe1 Rxe1+ 23. Rxe1 Qd7 24. Ba6 h6 25. Rc1 Qd2 26. Qxc6 Bd1 27.
Rc4 Re8 28. Nc3 Re1+ 29. Kh2 Qxf2 30. Nxd1 Rxd1 31. Qf3 Qg1+ 32. Kg3 g5 33. Rc2
0-1

[Event "Monarch Assurance Isle of Man 4th"]
[Site "Port Erin IOM"]
[Date "1995.10.15"]
[Round "9"]
[White "Gibeon, David"]
[Black "Arakhamia Grant, Ketevan"]
[Result "0-1"]
[WhiteElo "2075"]
[BlackElo "2420"]
[PlyCount "70"]
[EventDate "1995.10.07"]
[EventType "swiss"]
[EventRounds "9"]
[EventCountry "IOM"]
[SourceTitle "BritBase"]

1. d4 Nf6 2. Nf3 g6 3. Bg5 Bg7 4. Nbd2 O-O 5. e3 d6 6. Be2 c5 7. O-O h6 8. Bh4
cxd4 9. exd4 Nh5 10. Re1 Nf4 11. Bf1 Nc6 12. c3 Bf5 13. Nc4 Qc7 14. d5 Ne5 15.
Nfxe5 dxe5 16. g4 Bc8 17. Bg3 Rd8 18. Bxf4 exf4 19. Qf3 Rb8 20. Rad1 b5 21. Na3
a6 22. Nc2 Bb7 23. Nb4 Rbc8 24. Bg2 e6 25. Qd3 a5 26. d6 Qb6 27. Bxb7 Qxb7 28.
Nc2 Rc5 29. d7 Rg5 30. f3 Rd5 31. Qe4 Qxd7 32. Rxd5 Qxd5 33. Qxf4 Qxa2 34. Qc1
Qd5 35. Qe3 Qb3 0-1

[Event "Monarch Assurance Isle of Man 4th"]
[Site "Port Erin IOM"]
[Date "1995.10.15"]
[Round "9"]
[White "Hebden, Mark"]
[Black "Buckley, Graeme"]
[Result "1-0"]
[WhiteElo "2570"]
[BlackElo "2355"]
[PlyCount "45"]
[EventDate "1995.10.07"]
[EventType "swiss"]
[EventRounds "9"]
[EventCountry "IOM"]
[SourceTitle "BritBase"]

1. e4 c5 2. Nf3 e6 3. c3 d5 4. e5 d4 5. Bb5+ Bd7 6. Bxd7+ Qxd7 7. c4 Nc6 8. d3
Nge7 9. Bf4 h6 10. Nbd2 g5 11. Ne4 Bg7 12. Bg3 Qc7 13. O-O Nxe5 14. Nxe5 Bxe5
15. Nf6+ Kd8 16. Qf3 Ng6 17. Rae1 Kc8 18. Rxe5 Nxe5 19. Qe2 Ng6 20. Bxc7 Kxc7
21. f4 gxf4 22. Rxf4 Nxf4 23. Qe5+ 1-0

[Event "Monarch Assurance Isle of Man 4th"]
[Site "Port Erin IOM"]
[Date "1995.10.15"]
[Round "9"]
[White "Lalic, Bogdan"]
[Black "Hartman, Christer"]
[Result "1/2-1/2"]
[WhiteElo "2590"]
[BlackElo "2345"]
[PlyCount "67"]
[EventDate "1995.10.07"]
[EventType "swiss"]
[EventRounds "9"]
[EventCountry "IOM"]
[SourceTitle "BritBase"]

1. d4 d5 2. c4 dxc4 3. Nf3 Nf6 4. e3 e6 5. Bxc4 c5 6. O-O a6 7. Bb3 Nc6 8. Qe2
cxd4 9. Rd1 d3 10. Rxd3 Qc7 11. Nc3 Bc5 12. h3 O-O 13. e4 Nd7 14. Be3 Bxe3 15.
Qxe3 b6 16. Na4 b5 17. Nc5 Nce5 18. Nxd7 Nxf3+ 19. gxf3 Bxd7 20. Rc1 Qb7 21.
Kh1 Rfc8 22. Rg1 g6 23. h4 Qa7 24. Rd4 Be8 25. h5 Qe7 26. e5 a5 27. hxg6 fxg6
28. Rd6 Bf7 29. Kg2 a4 30. Bd1 Rd8 31. Rb6 Rab8 32. Rxb8 Rxb8 33. Rh1 Be8 34.
f4 1/2-1/2

[Event "Monarch Assurance Isle of Man 4th"]
[Site "Port Erin IOM"]
[Date "1995.10.15"]
[Round "9"]
[White "Miles, Anthony"]
[Black "Khenkin, Igor"]
[Result "1/2-1/2"]
[WhiteElo "2600"]
[BlackElo "2555"]
[PlyCount "27"]
[EventDate "1995.10.07"]
[EventType "swiss"]
[EventRounds "9"]
[EventCountry "IOM"]
[SourceTitle "BritBase"]

1. d4 d5 2. Bg5 h6 3. Bh4 c6 4. e3 Qb6 5. Qc1 e5 6. c3 Nd7 7. Nf3 e4 8. Nfd2
Ne7 9. f3 Ng6 10. Bg3 f5 11. fxe4 fxe4 12. c4 Nf6 13. Nc3 Bd7 14. Qc2 1/2-1/2